Toutes les communes de l'Indre sur une carte - Statistiques

Statistiques générales
  • Ce quiz a été pris 369 fois
  • Le résultat moyen est 50 sur 241
Réponses sur la Carte
Les réponses sont colorées sur une échelle allant du rouge au vert en fonction du pourcentage des utilisateurs qui les ont devinées à leur premier essai. Vous pouvez retrouver ces pourcentages ci-dessous.
 
Statistiques - réponses
Communes % Correct
Châteauroux
98%
La Châtre
86%
La Châtre-Langlin
86%
Le Blanc
85%
Issoudun
84%
Déols
75%
Argenton-sur-Creuse
68%
Saint-Maur
68%
Valençay
60%
Le Poinçonnet
58%
Buzançais
57%
Levroux
53%
Vatan
52%
Ardentes
51%
Villedieu-sur-Indre
50%
Eguzon-Chantôme
47%
Châtillon-sur-Indre
46%
Neuvy-Pailloux
44%
Neuvy-Saint-Sépulchre
44%
Chabris
42%
Saint-Gaultier
40%
Azay-le-Ferron
39%
Mézières-en-Brenne
39%
Aigurande
38%
Etrechet
35%
Reuilly
35%
Velles
35%
Pouligny-Notre-Dame
34%
Pouligny-Saint-Martin
34%
Pouligny-Saint-Pierre
34%
Saint-Marcel
34%
Luant
33%
Nohant-Vic
32%
Montierchaume
31%
Tendu
31%
Arthon
30%
Ecueillé
30%
Rosnay
30%
Saint-Benoît-du-Sault
30%
Clion
29%
Diors
29%
Luçay-le-Libre
29%
Luçay-le-Mâle
29%
Niherne
29%
Vicq-Exemplet
29%
Vicq-sur-Nahon
29%
Argy
27%
Coings
27%
Le Pont-Chrétien-Chabenet
27%
Saint-Valentin
27%
Vineuil
27%
Cluis
26%
Jeu-les-Bois
26%
Jeu-Maloches
26%
Le Pêchereau
26%
Montgivray
26%
Pellevoisin
26%
Saint-Août
26%
Brion
25%
La Chapelle-Orthemale
25%
La Chapelle-Saint-Laurian
25%
Migné
25%
Saint-Pierre-de-Jards
25%
Tournon-Saint-Martin
25%
Vendœuvres
25%
Bélâbre
24%
Martizay
24%
Saint-Christophe-en-Bazelle
24%
Saint-Christophe-en-Boucherie
24%
Mâron
23%
Saint-Genou
23%
Ambrault
22%
Bouges-le-Château
22%
Chaillac
22%
Ciron
22%
Poulaines
22%
Ruffec
22%
Saint-Denis-de-Jouhet
22%
Sainte-Sévère-sur-Indre
22%
Villegongis
22%
Chezelles
21%
La Champenoise
21%
Saint-Michel-en-Brenne
21%
Bouesse
20%
Bretagne
20%
Douadic
20%
Gargilesse-Dampierre
20%
Neuillay-les-Bois
20%
Paudy
20%
Crevant
19%
La Pérouille
19%
Les Bordes
19%
Méobecq
19%
Meunet-Planches
19%
Meunet-sur-Vatan
19%
Moulins-sur-Céphons
19%
Palluau-sur-Indre
19%
Parnac
19%
Mers-sur-Indre
18%
Orsennes
18%
Saint-Lactencin
18%
Sarzay
18%
Arpheuilles
17%
Celon
17%
Chasseneuil
17%
Fléré-la-Rivière
17%
Heugnes
17%
Lacs
17%
Le Magny
17%
Lye
17%
Mosnay
17%
Nuret-le-Ferron
17%
Prissac
17%
Saint-Aoustrille
17%
Sainte-Lizaigne
17%
Val-Fouzon
17%
Villentrois-Faverolles-en-Berry
17%
Vouillon
17%
Baudres
16%
Buxeuil
16%
Obterre
16%
Pruniers
16%
Sainte-Gemme
16%
Villegouin
16%
Chassignolles
15%
Rouvres-les-Bois
15%
Saint-Georges-sur-Arnon
15%
Sassierges-Saint-Germain
15%
Ségry
15%
Vigoux
15%
Badecon-le-Pin
14%
Bommiers
14%
Buxières-d'Aillac
14%
Ceaulmont
14%
Chavin
14%
Condé
14%
La Berthenoux
14%
Lignac
14%
Montipouret
14%
Oulches
14%
Paulnay
14%
Saint-Chartier
14%
Saint-Cyran-du-Jambot
14%
Saint-Florentin
14%
Saint-Hilaire-sur-Benaize
14%
Tranzault
14%
Baraize
13%
Diou
13%
Ingrandes
13%
Ménétréols-sous-Vatan
13%
Préaux
13%
Preuilly-la-Ville
13%
Thenay
13%
Veuil
13%
Briantes
12%
Champillet
12%
Chitray
12%
Cuzion
12%
Fontgombault
12%
Fougerolles
12%
Frédille
12%
Gehée
12%
Giroux
12%
Le Menoux
12%
Le Tranger
12%
Liniez
12%
Lizeray
12%
Lureuil
12%
Lys-Saint-Georges
12%
Pommiers
12%
Rivarennes
12%
Saint-Aubin
12%
Saint-Plantaire
12%
Saulnay
12%
Sougé
12%
Tilly
12%
Verneuil-sur-Igneraie
12%
Vijon
12%
Aize
11%
Bazaiges
11%
Brives
11%
Francillon
11%
Guilly
11%
La Buxerette
11%
Langé
11%
Lingé
11%
Lourouer-Saint-Laurent
11%
Malicornay
11%
Montchevrier
11%
Mouhers
11%
Mouhet
11%
Néons-sur-Creuse
11%
Reboursin
11%
Saint-Gilles
11%
Selles-sur-Nahon
11%
Thizay
11%
Urciers
11%
Villiers
11%
Chouday
10%
Gournay
10%
Lurais
10%
Maillet
10%
Migny
10%
Pérassay
10%
Saint-Aigny
10%
Thevet-Saint-Julien
10%
Anjouin
9%
Beaulieu
9%
Concremiers
9%
Crozon-sur-Vauvre
9%
Dun-le-Poëlier
9%
Feusines
9%
Fontguenand
9%
La Vernelle
9%
Lourdoueix-Saint-Michel
9%
Luzeret
9%
Mauvières
9%
Menetou-sur-Nahon
9%
Mérigny
9%
Murs
9%
Saint-Civran
9%
Sainte-Fauste
9%
Sauzelles
9%
Sazeray
9%
Bagneux
8%
Bonneuil
8%
Cléré-du-Bois
8%
Fontenay
8%
La Motte-Feuilly
8%
Néret
8%
Orville
8%
Saint-Médard
8%
Chazelet
7%
Lignerolles
7%
Montlevicq
7%
Roussines
7%
Sacierges-Saint-Martin
7%
Vigoulant
7%
Chalais
6%
Dunet
6%
Sembleçay
6%
Aucun quiz correspondant
Distribution des résultats
% des personnes avec chaque résultat
Percentile par nombre de réponses
Votre historique - résultats
Vous n’avez pas pris ce quiz